Normal view
MARC view
- Commercial statistics.
Entry Topical Term
001 - CONTROL NUMBER
- control field: 30244
003 - CONTROL NUMBER IDENTIFIER
- control field: NUST
005 - DATE AND TIME OF LATEST TRANSACTION
- control field: 20200917141851.0
008 - FIXED-LENGTH DATA ELEMENTS
- fixed length control field: 200917|| aca||aabn | a|a d
040 ## - CATALOGING SOURCE
- Original cataloging agency: NUST
- Transcribing agency: NUST
150 ## - HEADING--TOPICAL TERM
- Topical term or geographic name entry element: Commercial statistics.
670 ## - SOURCE DATA FOUND
- Source citation: Work cat.: (NUST)0: Lind, Douglas A., author. 123, Statistical techniques in business & economics /
